[Event "Igualada op 12th"]
[Site "Igualada"]
[Date "2017.02.11"]
[Round "5"]
[White "Cots Valls, Jordi"]
[Black "Santiago Abril, Narcis J"]
[Result "0-1"]
[WhiteElo "1710"]
[BlackElo "1894"]
[PlyCount "98"]
[EventDate "2017.01.14"]
[EventType "swiss"]
[EventRounds "8"]
[EventCountry "ESP"]
[SourceTitle "EXT 2018"]
[Source "ChessBase"]
[SourceDate "2017.10.13"]
[SourceVersion "1"]
[SourceVersionDate "2017.10.13"]
[SourceQuality "1"]

1. d4 f5 2. Bf4 Nf6 3. e3 e6 4. h3 c6 5. g4 d5 6. g5 Ne4 7. Nf3 Bd6 8. Rg1 Bxf4 9. exf4 Qd6 10. Ne5 0-0 11. c3 Qe7 12. Nd2 Nd7 13. Ndf3 a6 14. Bd3 c5 15. Bc2 cxd4 16. Qxd4 Qc5 17. Qxc5 Ndxc5 18. Nd4 Re8 19. f3 Nd6 20. 0-0-0 Nd7 21. Rge1 Nxe5 22. fxe5 Nf7 23. f4 Bd7 24. Rg1 g6 25. h4 Nd8 26. Rd2 Nc6 27. Nf3 Kg7 28. a3 b5 29. Rh2 Rac8 30. b3 Ne7 31. Kb2 Bc6 32. Nd4 Bd7 33. Bd1 Nc6 34. Nxc6 Bxc6 35. h5 Rh8 36. Rg3 Rcd8 37. Bf3 Rc8 38. Rgh3 Bb7 39. hxg6 hxg6 40. Rxh8 Rxh8 41. Rxh8 Kxh8 42. c4 bxc4 43. bxc4 Kg8 44. Kc3 d4+ 45. Kxd4 Bxf3 46. Kc5 Be2 47. Kb4 Kf8 48. a4 Ke7 49. c5 Kd7 0-1